000 00981nam a2200205 a 4500
001 000035216
005 20200930074201.0
008 111026s1961 mx abc 000 0 spa d
040 _aDO-SdBNP
_bspa
_cBNPHU
100 1 _aKolmer, John Albert,
_d1886-
_960964
240 1 0 _aGraig and Fausts clinical parasitology
_lespañol
245 1 0 _aParasitología clínica de Craig y Faust /
_cpor Ernest Carroll Faust y Paul Farr Russell ; con la cooperación de David Richard Lincicome ; traducción al español de la 6a. ed. en inglés por Antonio Capella Bustos [y] Fernando López Bello.
260 _aMéxico :
_bUnión Tipograficas Editorial Hipano Americana,
_c1961.
300 _aviii, 1056 p. :
_bil., mapas, retrs. ;
_c25 cm.
504 _aBibliografía al final de cada capítulo.
700 1 2 _aFaust, Ernest Carroll,
_d1890-
_960965
700 1 2 _aRussell, Paul Farr,
_d1894-
_960966
700 1 2 _aCapella Bustos, Antonio,
_etr.
_960967
700 1 2 _aLópez Bello, Fernando,
_etr.
_960968
999 _c34707
_d34707